00355nam a2200133Ia 4500008004100000020001800041041000800059082001500067100002100082245004100103260004800144300001500192365001400207210423s2008 xx 000 0 und d a9780521675055 aeng a823.5 RICJ aRICHETTI (John). aCambridge companion to Daniel Defoe. aNew DelhibCambridge University Pressc2008 axi,248bPB b1345cINR